header

Gifts, talents and education (Record no. 48330)

MARC details
000 -LEADER
fixed length control field 01375nam a2200337 a 4500
082 04 - DEWEY DECIMAL CLASSIFICATION NUMBER
Classification number 371.95
100 1# - MAIN ENTRY--AUTHOR NAME
Personal name Hymer, Barry.
245 10 - TITLE STATEMENT
Title Gifts, talents and education
260 ## - PUBLICATION, DISTRIBUTION, ETC. (IMPRINT)
Place of publication Chichester, West Sussex ;
-- Malden, MA :
Name of publisher Wiley-Blackwell,
Year of publication 2009.
300 ## - PHYSICAL DESCRIPTION
Number of Pages xii, 182 p. :
Other physical details ill.
650 #0 - SUBJECT ADDED ENTRY--TOPICAL TERM
Topical Term Gifted children
Topical Term Gifted children
700 1# - ADDED ENTRY--PERSONAL NAME
Personal name Whitehead, Jack.
Personal name Huxtable, Marie.
856 40 - ELECTRONIC LOCATION AND ACCESS
Uniform Resource Identifier http://site.ebrary.com/lib/rucke/Doc?id=10346307

No items available.

© 2026 Rongo University
Contact us: librarian | system librarian | Rongo university